书目信息 |
| 题名: |
新世纪物理学
|
|
| 作者: | ;德国物理学会 原著 ;中国物理学会 翻译 | |
| 分册: | ||
| 出版信息: | 济南 山东教育出版社 2005.12 |
|
| 页数: | 240页 | |
| 开本: | 29cm | |
| 丛书名: | ||
| 单 册: | ||
| 中图分类: | O4-1 | |
| 科图分类: | ||
| 主题词: | 物理学--wu li xue--动态--21世纪 , 物理学--wu li xue--现状--20世纪 | |
| 电子资源: | ||
| ISBN: | 7-5328-5237-7 | |
| 000 | 01095nam0 2200277 450 | |
| 001 | 012006210231 | |
| 005 | 20060921170113.09 | |
| 010 | @a7-5328-5237-7@b精装@dCNY68.00 | |
| 100 | @a20060705d2005 km y0chiy0120 ea | |
| 101 | 1 | @achi@cger |
| 102 | @aCN@b370000 | |
| 105 | @aa z 000yy | |
| 200 | 1 | @a新世纪物理学@Axin shi ji wu li xue@f德国物理学会原著@Fde guo wu li xue hui yuan zhu@g中国物理学会翻译@Gzhong guo wu li xue hui fan yi |
| 210 | @a济南@c山东教育出版社@d2005.12 | |
| 215 | @a240页@c图@d29cm | |
| 300 | @a中国国家自然科学基金委员会资助出版 | |
| 312 | @a英文题名取自封面 | |
| 330 | @a本书包括前言、论题、物理学是基础研究、物理学是为工业和技术进行研究、物理学是人类文化的一部分、物理学者的工作岗位和工作方式等九个部分。 | |
| 510 | 1 | @aPhysics topics, significance and prospects@zeng |
| 606 | 0 | @a物理学@Awu li xue@x动态@z21世纪 |
| 606 | 0 | @a物理学@Awu li xue@x现状@z20世纪 |
| 690 | @aO4-1@v4 | |
| 711 | 02 | @a德国物理学会@Ade guo wu li xue hui@4原著 |
| 712 | 02 | @a中国物理学会@Azhong guo wu li xue hui@4翻译 |
| 801 | 0 | @aCN@bQSSK@c20060921 |
| 905 | @a10447@dO4-1@eD217 | |
| 新世纪物理学/德国物理学会原著/中国物理学会翻译.-济南:山东教育出版社,2005.12 |
| 240页:图;29cm |
| 中国国家自然科学基金委员会资助出版 |
| ISBN 7-5328-5237-7(精装):CNY68.00 |
| 本书包括前言、论题、物理学是基础研究、物理学是为工业和技术进行研究、物理学是人类文化的一部分、物理学者的工作岗位和工作方式等九个部分。 |
| ● |
| 相关链接 |
|
|
|
正题名:新世纪物理学
索取号:O4-1/D217
 
预约/预借
| 序号 | 登录号 | 条形码 | 馆藏地/架位号 | 状态 | 备注 |
| 1 | 594386 | 205943862 | 自科库401/401自科库 55排5列2层/ [索取号:O4-1/D217] | 在馆 | |
| 2 | 594387 | 205943871 | 自科库401/401自科库 55排5列2层/ [索取号:O4-1/D217] | 在馆 | |
| 3 | 594388 | 205943880 | 自科库401/401自科库 55排5列2层/ [索取号:O4-1/D217] | 在馆 |